| 000 | 01099cam a22002771 4500 | ||
|---|---|---|---|
| 001 | 1782 | ||
| 003 | BD-RjUL | ||
| 005 | 20211208233418.0 | ||
| 008 | 131209s1968 mau 000 0 eng | ||
| 035 | _a(BD-RjUL) | ||
| 040 |
_aDLC _cDLC _dDLC _dBD-RjUL _beng |
||
| 041 | _aeng | ||
| 082 | 0 | 0 |
_a378.1981 _bKED |
| 100 | 1 |
_aKennan, George F. _q(George Frost), _d1904-2005. _95905 |
|
| 245 | 1 | 0 |
_aDemocracy and the student left / _cby George F. Kennan and students and teachers from Barnard, Brandeis, Brooklyn ... |
| 260 |
_aBoston : _bLittle, Brown _cc1968 |
||
| 300 |
_axi, 239 p. ; _c22 cm. |
||
| 350 | _a$5.75 | ||
| 500 | _a"An Atlantic Monthly Press book." | ||
| 505 | 0 | _aRebels without a program [by G. F. Kennan]--Agreement and dissent; response from the campus (letters)--Letters from the older generation.--Mr. Kennan replies. | |
| 650 | 0 |
_aCollege students _xPolitical activity. _95906 |
|
| 856 | 4 |
_3WordlCat details. _uhttp://www.worldcat.org/title/democracy-and-the-student-left/oclc/188612&referer=brief_results |
|
| 942 |
_2ddc _cBK |
||
| 999 |
_c1782 _d1782 |
||